Bệnh động mạch chi dưới

Enregistré dans:
Détails bibliographiques
Auteur principal: Phạm, Thắng
Format: Livre
Langue:Undetermined
Publié: H. Y Học 1999
Sujets:
Tags: Ajouter un tag
Pas de tags, Soyez le premier à ajouter un tag!
Thư viện lưu trữ: Trung tâm Học liệu Trường Đại học Cần Thơ
LEADER 00513nam a2200193Ia 4500
001 CTU_52328
008 210402s9999 xx 000 0 und d
020 |b 12500 
082 |a 616.13 
082 |b Th116 
100 |a Phạm, Thắng 
245 0 |a Bệnh động mạch chi dưới 
245 0 |c Phạm Thắng 
260 |a H. 
260 |b Y Học 
260 |c 1999 
650 |a gediatrics,leg,led 
650 |x blood-vessels,diseases 
980 |a Trung tâm Học liệu Trường Đại học Cần Thơ